| 000 | 00539nam a2200193Ia 4500 | ||
|---|---|---|---|
| 003 | OSt | ||
| 005 | 20250826111151.0 | ||
| 008 | 220917b |||||||| |||| 00| 0 eng d | ||
| 037 | _cTB | ||
| 040 |
_aARTS _cARTS _beng |
||
| 041 |
_2eng _aeng |
||
| 084 |
_aV:(R) L1 _qAL |
||
| 100 |
_aPostan M M _997529 |
||
| 245 | 0 |
_aFact and relevance _b Essays on historical method |
|
| 260 |
_aCambridge _bCambridge University Press _c1971 |
||
| 650 | _aHISTORY | ||
| 942 |
_hV:(R) L1 _cTB _2CC _n0 |
||
| 999 |
_c216091 _d216091 |
||